| 000 | 01773nam a2200313Ia 4500 | ||
|---|---|---|---|
| 999 |
_c1771 _d1771 |
||
| 003 | CoMeUDC | ||
| 005 | 20240508162459.0 | ||
| 008 | 130821s2004 ck gr spa | ||
| 020 | _a9589249523 (2a.Ed.) | ||
| 040 |
_aCO-BoUCM _bspa _cCO-UdeC _dNuevo _eISBD _eAARC |
||
| 041 | 0 | 0 | _aspa |
| 082 | 0 | 4 |
_a342.066 _bG643 |
| 100 | 1 |
_aGonzález Rodríguez, Miguel _942396 |
|
| 245 | 1 | 3 |
_aEl contencioso contractual : _bcontroversias contractuales, art. 87 C.C.A. / _cMiguel González Rodríguez. |
| 250 | _aSegunda edición. | ||
| 260 |
_aBogotá (Colombia) : _bUniversidad Libre, _c2001. |
||
| 300 |
_a243 p. ; _c24 cm. |
||
| 500 | _aProfesor universitario, ex-consejero del Estado. | ||
| 500 | _aAdvertencia: Los numerales 1 a 11 se encuentra a lo largo de la obra, corresponden a la Jurisprudencia del Consejo de Estado, que aparecen transcritas a partir de la página 125 del libro. | ||
| 505 | _aSu historia -- Las fuentes de las controversias contractuales -- Características del contencioso contractual -- Objetivos de la acción contractual -- La que tiene por objeto la revisión del precio -- Otras controversias relacionadas con el precio del contrato -- La nulidad de los actos administrativos contractuales -- El acto que declara desierta la licitación o concurso -- La resolución, la resciliación o terminación y cumplimiento -- La lesión enorme -- El proceso arbitral -- Jurisprudencial | ||
| 546 | _aEspañol. | ||
| 650 | 7 |
_aAdministración pública _9355 |
|
| 650 | 0 |
_aArtículo 87 _92499 _xCódigo Contencioso Administrativo |
|
| 650 | 7 |
_aContratos administrativos _zColombia _939367 |
|
| 650 | 7 |
_aContratos públicos _zColombia _934990 |
|
| 650 | 7 |
_aDerecho administrativo _912695 |
|
| 690 |
_aDerecho Administrativo _912695 |
||
| 942 |
_cBK _2ddc |
||